Variaciones sobre la escritura (Paidós Comunicación 137)
Zapisane w:
| 1. autor: | |
|---|---|
| Format: | Książka |
| Język: | Undetermined |
| Wydane: |
Barcelona, España
Ediciones Paidós
2002
|
| Hasła przedmiotowe: | |
| Etykiety: |
Dodaj etykietę
Nie ma etykietki, Dołącz pierwszą etykiete!
|
MARC
| LEADER | 00000nam a2200000Ia 4500 | ||
|---|---|---|---|
| 008 | 170316s9999 xx 000 0 und d | ||
| 090 | |a 801 B-7va | ||
| 100 | |a Barthes, Roland | ||
| 245 | |a Variaciones sobre la escritura (Paidós Comunicación 137) | ||
| 260 | |a Barcelona, España | ||
| 260 | |b Ediciones Paidós | ||
| 260 | |c 2002 | ||
| 300 | |a 193 páginas | ||
| 650 | |a TEORÍA LITERARIA | ||
| 650 | |a LA GRAMÁTICA | ||
| 650 | |a LITERATURA INHUMANA | ||
| 650 | |a INVESTIGACIONES SEMIOLÓGICAS | ||
| 650 | |a EL ESTRUCTURALISMO | ||
| 650 | |a LA LINGÜÍSTICA | ||
| 650 | |a LA LITERATURA | ||
| 650 | |a LINGÜÍSTICA DEL DISCURSO | ||
| 650 | |a TEORÍA DE LA LECTURA | ||
| 650 | |a VARIACIONES SOBRE LA LECTURA | ||
| 650 | |a ESCRIBIR | ||
| 650 | |a ROMAN JAKOBSON | ||
| 650 | |a ROLAND BARTHES | ||
| 999 | |c 20145 |d 20145 | ||
| 040 | |a cru BVZT | ||
| 942 | |c 15 D |h 801 B-7va |2 z | ||
